Statistics for US States without a 100k+ City

Click here to take the quiz!

General Stats

  • This quiz has been taken 59 times
  • The average score is 4 of 5

Answer Stats

Answer% Correct
Wyoming
98%
Maine
92%
Vermont
92%
Delaware
75%
West Virginia
75%

Score Distribution

Percentile by Number Answered

Percent of People with Each Score

Your Score History

You have not taken this quiz